10 stanów USA pod względem zatrudnienia w przemyśle wytwórczym - Statystyki

Ogólne statystyki
  • Ten quiz został rozwiązany 7 razy
  • Średni wynik to 6 z 10
Statystyki odpowiedzi
% State % Poprawnych
18,2 Michigan
100%
13,6 Arkansas
67%
18,5 Indiana
67%
14,5 Iowa
67%
14,5 Kentucky
67%
13,4 Minnesota
67%
14,9 Ohio
67%
18,4 Wisconsin
50%
14,0 Alabama
33%
13,9 Missisipi
0%
Nie znaleziono quizów pasujących do podanych kryteriów
Rozkład punktacji
Procent ludzi z każdym wynikiem
Percentyl według liczby udzielonych odpowiedzi
Twoja historia wyników
Nie rozwiązałeś tego quizu